[Event "Abakan op"]
[Site "Abakan"]
[Date "2013.11.30"]
[Round "1"]
[White "Prokhorov, Vladislav"]
[Black "Chepsarakov, Akimzhan"]
[Result "0-1"]
[WhiteElo "1754"]
[BlackElo "2103"]
[PlyCount "42"]
[EventDate "2013.11.30"]
[EventType "swiss"]
[EventRounds "9"]
[EventCountry "RUS"]
[SourceTitle "EXT 2015"]
[Source "ChessBase"]
[SourceDate "2014.11.20"]
[SourceVersion "1"]
[SourceVersionDate "2014.11.20"]
[SourceQuality "1"]

1. d4 Nf6 2. c4 e6 3. Nf3 Bb4+ 4. Bd2 Bxd2+ 5. Nbxd2 c5 6. e4 cxd4 7. e5 Ng4 8. Ne4 Qa5+ 9. Qd2 Qxd2+ 10. Kxd2 Nc6 11. Nd6+ Ke7 12. Ng5 Ngxe5 13. c5 h6 14. Nge4 f5 15. Ng3 b6 16. Rc1 bxc5 17. Nc4 Nxc4+ 18. Bxc4 Rb8 19. Bb3 Kd6 20. Rc2 Nb4 21. Rc4 Ba6 0-1

[Event "Abakan Sayany op"]
[Site "Abakan"]
[Date "2013.08.10"]
[Round "9"]
[White "Chepsarakov, Akimzhan"]
[Black "Buzykaev, Vladimir Alekseevic"]
[Result "1-0"]
[WhiteElo "2126"]
[BlackElo "1964"]
[PlyCount "81"]
[EventDate "2013.08.02"]
[EventType "swiss"]
[EventRounds "9"]
[EventCountry "RUS"]
[SourceTitle "CBM 155 Extra"]
[Source "ChessBase"]
[SourceDate "2013.08.26"]
[SourceVersion "1"]
[SourceVersionDate "2013.08.26"]
[SourceQuality "1"]

1. e4 c5 2. Nf3 a6 3. c3 e6 4. d4 d5 5. exd5 Qxd5 6. Be3 cxd4 7. cxd4 Bb4+ 8. Nc3 Bd7 9. Bd3 Bxc3+ 10. bxc3 Bb5 11. c4 Bxc4 12. Bxc4 Qxc4 13. Rc1 Qb4+ 14. Bd2 Qb5 15. Rc8+ Ke7 16. Qc2 f6 17. Rxb8 Rxb8 18. Qc7+ Ke8 19. Qxb8+ Kf7 20. Qc7+ Ne7 21. Qc5 Qb1+ 22. Qc1 Qb5 23. Qd1 a5 24. a4 Qd3 25. Be3 Qc4 26. Nd2 Qd3 27. Qb3 Qa6 28. Nc4 Rc8 29. Nb6 Rc6 30. d5 exd5 31. Nxd5 Qc4 32. Qxc4 Rxc4 33. Nb6 Rb4 34. Ke2 Nf5 35. Bc5 Rb2+ 36. Kd3 Nh4 37. Nc4 Ra2 38. Re1 Rxa4 39. Kc3 Ra2 40. Kb3 b5 41. Re7+ 1-0

[Event "Khakasia-ch"]
[Site "Abakan"]
[Date "2013.03.02"]
[Round "9"]
[White "Chepsarakov, Akimzhan"]
[Black "Sambursky, Vladimir"]
[Result "0-1"]
[WhiteElo "2137"]
[BlackElo "2259"]
[PlyCount "116"]
[EventDate "2013.02.22"]
[EventType "swiss"]
[EventRounds "9"]
[EventCountry "RUS"]
[SourceTitle "CBM 153 Extra"]
[Source "ChessBase"]
[SourceDate "2013.04.22"]
[SourceVersion "1"]
[SourceVersionDate "2013.04.22"]
[SourceQuality "1"]

1. e4 e5 2. Nf3 Nc6 3. d4 exd4 4. Nxd4 Nf6 5. Nxc6 bxc6 6. Bd3 d5 7. e5 Nd7 8. Bf4 Nc5 9. 0-0 Be7 10. Re1 0-0 11. Nc3 Rb8 12. b3 Ne6 13. Bg3 Bb4 14. Na4 Bxe1 15. Qxe1 f6 16. f4 fxe5 17. Qxe5 g6 18. f5 gxf5 19. Bxf5 Ng7 20. Bd3 Rf7 21. Rf1 Rxf1+ 22. Bxf1 Bf5 23. c3 Qd7 24. Qd4 Ra8 25. Nc5 Qf7 26. Qa4 Qf6 27. Bf2 Bg6 28. Bd4 Qd6 29. Nb7 Qe6 30. Nc5 Qe8 31. Na6 Qe1 32. Qxc6 Rf8 33. Qxd5+ Rf7 34. Qc4 Ne6 35. Qe2 Qxe2 36. Bxe2 Nxd4 37. cxd4 Rd7 38. Kf1 Re7 39. Kf2 Kg7 40. Bf3 Be4 41. Bxe4 Rxe4 42. Nxc7 Kg6 43. Nb5 a6 44. Kf3 Rh4 45. Kg3 Rh6 46. Nc3 Kf5 47. d5 Ke5 48. h4 Kd4 49. Ne2+ Kxd5 50. h5 Ke4 51. Kg4 Rc6 52. Nf4 Rc2 53. a4 Rb2 54. h6 Rxb3 55. Ne6 Ke5 56. Nc5 Ra3 57. Kh5 a5 58. g4 Kf6 0-1

[Event "Khakasia-ch"]
[Site "Abakan"]
[Date "2013.02.26"]
[Round "5"]
[White "Chepsarakov, Akimzhan"]
[Black "Tokmashov, Maxim"]
[Result "1-0"]
[WhiteElo "2137"]
[BlackElo "1928"]
[PlyCount "69"]
[EventDate "2013.02.22"]
[EventType "swiss"]
[EventRounds "9"]
[EventCountry "RUS"]
[SourceTitle "CBM 153 Extra"]
[Source "ChessBase"]
[SourceDate "2013.04.22"]
[SourceVersion "1"]
[SourceVersionDate "2013.04.22"]
[SourceQuality "1"]

1. e4 e6 2. c4 d5 3. cxd5 exd5 4. exd5 Nf6 5. Bb5+ c6 6. dxc6 bxc6 7. Be2 Bd6 8. Nf3 0-0 9. 0-0 Bb7 10. Nc3 Nbd7 11. d4 Qc7 12. h3 a6 13. Be3 Rad8 14. Rc1 Qb8 15. Qb3 c5 16. dxc5 Nxc5 17. Qc2 Ne6 18. Rfd1 Nf4 19. Bxf4 Bxf4 20. Rxd8 Rxd8 21. Rd1 Rxd1+ 22. Qxd1 h6 23. Qb3 Qc8 24. Nd4 Be5 25. Bf3 Bxf3 26. Nxf3 Bb8 27. Qd1 Ba7 28. Ne5 Bxf2+ 29. Kxf2 Qc5+ 30. Kf1 Qxe5 31. Qd8+ Qe8 32. Qxe8+ Nxe8 33. Ke2 Kf8 34. Nd5 Nd6 35. Kd3 1-0

[Event "Khakassia-ch op"]
[Site "Abakan"]
[Date "2010.02.28"]
[Round "9"]
[White "Mokhov, Vladimir"]
[Black "Chepsarakov, Akimzhan"]
[Result "1/2-1/2"]
[WhiteElo "2186"]
[BlackElo "2110"]
[PlyCount "99"]
[EventDate "2010.02.20"]
[EventType "swiss"]
[EventRounds "9"]
[EventCountry "RUS"]
[SourceTitle "EXT 2023"]
[Source "ChessBase"]
[SourceDate "2022.10.05"]
[SourceVersion "1"]
[SourceVersionDate "2022.10.05"]
[SourceQuality "1"]

1. e4 e5 2. Bc4 Nf6 3. d3 c6 4. Nf3 d5 5. Bb3 Bd6 6. exd5 cxd5 7. Bg5 Be6 8. Nc3 Qa5 9. Bxf6 gxf6 10. 0-0 Nc6 11. Qd2 Nd4 12. Nxd4 exd4 13. Ne4 Qxd2 14. Nxd2 a5 15. a4 Kd7 16. Nf3 Bc5 17. Rfe1 Kd6 18. g3 Bg4 19. Kg2 Rae8 20. h3 Bd7 21. Rxe8 Rxe8 22. g4 Rg8 23. Kh2 f5 24. g5 Be6 25. h4 h6 26. gxh6 Rh8 27. Rg1 Rxh6 28. Rg8 Ke7 29. Kg2 Rg6+ 30. Rxg6 fxg6 31. Ng5 Bg8 32. Kf3 Kf6 33. Nh3 Ke5 34. Nf4 Bf7 35. c4 Be7 36. Nxd5 Bxh4 37. Kg2 g5 38. Bd1 g4 39. f3 Bh5 40. Be2 Bg5 41. Bd1 Bd2 42. Be2 Bf4 43. Bd1 g3 44. Bc2 Bf7 45. Bd1 Bxd5 46. cxd5 Kxd5 47. Bb3+ Kd6 48. Bc4 Kc5 49. b3 Kb4 50. Kf1 1/2-1/2

[Event "Khakassia-ch op"]
[Site "Abakan"]
[Date "2010.02.27"]
[Round "8"]
[White "Chepsarakov, Akimzhan"]
[Black "Kokov, Georgy"]
[Result "1-0"]
[WhiteElo "2110"]
[BlackElo "2017"]
[PlyCount "99"]
[EventDate "2010.02.20"]
[EventType "swiss"]
[EventRounds "9"]
[EventCountry "RUS"]
[SourceTitle "EXT 2023"]
[Source "ChessBase"]
[SourceDate "2022.10.05"]
[SourceVersion "1"]
[SourceVersionDate "2022.10.05"]
[SourceQuality "1"]

1. e4 e5 2. Nf3 Nc6 3. Bc4 Bc5 4. c3 Qe7 5. 0-0 d6 6. a4 a5 7. d4 Ba7 8. Na3 Bg4 9. d5 Nb8 10. Nb5 Bc5 11. h3 Bh5 12. Rb1 c6 13. b4 Bb6 14. dxc6 Nxc6 15. Nxd6+ Kf8 16. Nf5 Qc7 17. Be3 Rd8 18. Qe2 Nge7 19. Bxb6 Qxb6 20. b5 Nb8 21. g4 Bg6 22. Nxe5 Qc5 23. Rbd1 Re8 24. Nxe7 Qxe5 25. Nxg6+ hxg6 26. Qf3 Qc7 27. Rd4 Kg8 28. Rfd1 Rf8 29. Bb3 g5 30. Kg2 Rh6 31. Qg3 Qb6 32. Rd6 Qc5 33. Rd8 Rf6 34. e5 Rf4 35. e6 fxe6 36. Bxe6+ Kh7 37. Rxf8 Qxf8 38. Rd4 Qf6 39. Rxf4 gxf4 40. Bf5+ g6 41. Qxf4 gxf5 42. Qxb8 Qe7 43. Qf4 fxg4 44. hxg4 Kg7 45. g5 Qe1 46. Qd4+ Kh7 47. Qh4+ Kg8 48. g6 Kg7 49. Qh7+ Kf6 50. Qf7+ 1-0

[Event "Khakassia-ch op"]
[Site "Abakan"]
[Date "2010.02.26"]
[Round "7"]
[White "Chepsarakov, Akimzhan"]
[Black "Davletova, Aigul"]
[Result "1-0"]
[WhiteElo "2110"]
[BlackElo "2004"]
[PlyCount "61"]
[EventDate "2010.02.20"]
[EventType "swiss"]
[EventRounds "9"]
[EventCountry "RUS"]
[SourceTitle "EXT 2023"]
[Source "ChessBase"]
[SourceDate "2022.10.05"]
[SourceVersion "1"]
[SourceVersionDate "2022.10.05"]
[SourceQuality "1"]

1. e4 c5 2. Nf3 Nc6 3. c3 Nf6 4. e5 Nd5 5. d4 cxd4 6. cxd4 d6 7. Nc3 Nxc3 8. bxc3 dxe5 9. d5 Nb8 10. Nxe5 Qc7 11. Qd4 a6 12. Bf4 g5 13. Nc4 Qxf4 14. Qxh8 Qe4+ 15. Ne3 f6 16. Rd1 Bf5 17. Bd3 Qxd3 18. Rxd3 Bxd3 19. Kd2 Bg6 20. h4 Nd7 21. h5 0-0-0 22. hxg6 hxg6 23. Qg8 Nc5 24. Rh8 g4 25. Qxg6 Kc7 26. Qf7 Ne4+ 27. Kc2 Ng5 28. Qxf8 Rxf8 29. Rxf8 g3 30. f3 Nh7 31. Rf7 1-0

[Event "Khakassia-ch op"]
[Site "Abakan"]
[Date "2010.02.20"]
[Round "1"]
[White "Chepsarakov, Akimzhan"]
[Black "Kravchenko, Konstantin"]
[Result "1-0"]
[WhiteElo "2110"]
[BlackElo "1937"]
[PlyCount "125"]
[EventDate "2010.02.20"]
[EventType "swiss"]
[EventRounds "9"]
[EventCountry "RUS"]
[SourceTitle "EXT 2023"]
[Source "ChessBase"]
[SourceDate "2022.10.05"]
[SourceVersion "1"]
[SourceVersionDate "2022.10.05"]
[SourceQuality "1"]

1. e4 c5 2. Nf3 d6 3. c3 Nf6 4. e5 dxe5 5. Nxe5 a6 6. d4 e6 7. Be3 cxd4 8. Bxd4 Qc7 9. Nd2 Nbd7 10. Ndc4 b5 11. Nxd7 Nxd7 12. Nd2 Bb7 13. a4 e5 14. Be3 b4 15. Rc1 Rc8 16. Nc4 bxc3 17. bxc3 Be7 18. Bd3 0-0 19. Qg4 e4 20. Bf4 Nf6 21. Qf5 Qc5 22. Qxc5 Rxc5 23. Nd6 exd3 24. Nxb7 Rf5 25. Be3 Rb8 26. Rb1 Nd5 27. Kd2 Nxe3 28. fxe3 Rf2+ 29. Kxd3 Rxg2 30. c4 Ra2 31. a5 Ra3+ 32. Kd4 Bf6+ 33. Kd5 Rxe3 34. Nd6 Rd8 35. c5 Be7 36. Rhd1 Re6 37. Kc6 Rc8+ 38. Kb6 Bd8+ 39. Ka7 Re7+ 40. Kxa6 Rxc5 41. Nb7 Rc6+ 42. Rb6 Bxb6 43. axb6 h5 44. Na5 Rc2 45. h3 Ra2 46. Rd5 Re6 47. Ka7 Rxb6 48. Kxb6 g6 49. Nc4 Kg7 50. Kc5 Rh2 51. Rd3 g5 52. Ne3 Kg6 53. Rd6+ Kh7 54. Rf6 Rxh3 55. Rxf7+ Kh6 56. Kd4 g4 57. Ke4 Kg6 58. Ra7 Rh1 59. Kf4 Rb1 60. Ra6+ Kh7 61. Kg5 Rb5+ 62. Nf5 g3 63. Rh6+ 1-0

[Event "Kyzyl op"]
[Site "Kyzyl"]
[Date "2007.01.23"]
[Round "8"]
[White "Mokhov, Leonid"]
[Black "Chepsarakov, Akimzhan"]
[Result "1/2-1/2"]
[WhiteElo "2169"]
[BlackElo "2114"]
[PlyCount "100"]
[EventDate "2007.01.20"]
[EventType "swiss"]
[EventRounds "9"]
[EventCountry "RUS"]
[SourceTitle "EXT 2010"]
[Source "ChessBase"]
[SourceDate "2010.11.25"]
[SourceVersion "1"]
[SourceVersionDate "2010.11.25"]
[SourceQuality "1"]

1. d4 Nf6 2. c4 e6 3. g3 Bb4+ 4. Bd2 Bxd2+ 5. Qxd2 c5 6. Nf3 Ne4 7. Qe3 Qa5+ 8. Nfd2 Nxd2 9. Nxd2 cxd4 10. Qxd4 0-0 11. a3 Nc6 12. Qd6 Qe5 13. Qxe5 Nxe5 14. Bg2 Rb8 15. b4 b6 16. h3 Ba6 17. b5 Bb7 18. Bxb7 Rxb7 19. f4 Ng6 20. Kf2 Rc7 21. a4 Rd8 22. Rhc1 Rdc8 23. a5 Ne7 24. axb6 axb6 25. Ra6 Rb8 26. Rca1 Nc8 27. Ra8 Rxa8 28. Rxa8 Kf8 29. c5 Ke7 30. cxb6 Nxb6 31. Rb8 Rc2 32. Nf3 Na4 33. b6 Rb2 34. b7 Nc5 35. Rg8 Nxb7 36. Rxg7 Nd6 37. Ne5 h5 38. Kf3 Rb3+ 39. Kg2 Rb2 40. Kf2 Rb3 41. Kg2 Ke8 42. Rh7 Ne4 43. Nd3 Nf6 44. Rh8+ Ke7 45. Ra8 d6 46. Ra5 Rc3 47. Kf3 Nd5 48. Ra7+ Kf6 49. Rd7 Rc6 50. e4 Rc3 1/2-1/2

[Event "Kyzyl op"]
[Site "Kyzyl"]
[Date "2007.01.22"]
[Round "5"]
[White "Sambursky, Vladimir"]
[Black "Chepsarakov, Akimzhan"]
[Result "1/2-1/2"]
[WhiteElo "2319"]
[BlackElo "2114"]
[PlyCount "105"]
[EventDate "2007.01.20"]
[EventType "swiss"]
[EventRounds "9"]
[EventCountry "RUS"]
[SourceTitle "EXT 2010"]
[Source "ChessBase"]
[SourceDate "2010.11.25"]
[SourceVersion "1"]
[SourceVersionDate "2010.11.25"]
[SourceQuality "1"]

1. e4 c5 2. Nc3 e6 3. Nge2 Nc6 4. g3 d5 5. d3 d4 6. Nb1 Nf6 7. Bg2 Be7 8. Nd2 0-0 9. a4 Ng4 10. h3 Nge5 11. 0-0 g5 12. b3 Ng6 13. f4 f5 14. exf5 exf5 15. fxg5 Bxg5 16. Nf3 Bf6 17. Bh6 Re8 18. Qd2 Nce7 19. Nf4 Nxf4 20. Bxf4 Nd5 21. Rae1 Be6 22. Kh2 Nxf4 23. Qxf4 Qd7 24. Ne5 Qg7 25. h4 Bxb3 26. cxb3 Bxe5 27. Qg5 Qxg5 28. hxg5 Rab8 29. Kh3 Bd6 30. Rxe8+ Rxe8 31. Bxb7 Re3 32. Rf3 Kg7 33. Rxf5 Rxd3 34. Rf3 Rd1 35. Be4 Be7 36. Kg4 Re1 37. Bd3 Re5 38. Rf5 Re3 39. Rf3 Bxg5 40. Rxe3 Bxe3 41. Kf5 h5 42. Be2 Kh6 43. Bd3 Bd2 44. Be4 Be3 45. Bd3 Bg1 46. g4 h4 47. g5+ Kg7 48. Kg4 Bf2 49. Bc4 Kf8 50. Bd3 Ke7 51. Bc4 Be1 52. Kh3 Ke8 53. Kg4 1/2-1/2